[Event "Memorial Petrosian (open)"]
[Site "masterchessopen.com Uljanovsk (Russia)"]
[Date "2009.06.27"]
[Round "6"]
[White "Goncharov Evgeniy (RUS)"]
[Black "Borisov Grigori (RUS)"]
[Result "0-1"]
[WhiteElo "1784"]
[BlackElo "1884"]

1.d4 Nf6 2.c4 e6 3.Nc3 Bb4 4.e3 b6 5.Bd3 Bb7 6.Nf3 O-O 7.O-O Bxc3 8.bxc3 Ne4
9.Bb2 f5 10.d5 Ng5 11.Nxg5 Qxg5 12.Qf3 e5 13.Qg3 Qf6 14.f3 d6 15.f4 e4 16.Be2
Nd7 17.Qg5 Nc5 18.Qxf6 Rxf6 19.a4 a5 20.Kh1 Ba6 21.Rg1 Nd3 22.Bxd3 exd3 23.g4
Bxc4 24.Rg2 fxg4 25.h3 {#R} 0-1

[Event "Ch Norway"]
[Site "masterchessopen.com Bergen (Norway)"]
[Date "2009.07.11"]
[Round "8"]
[White "Hjelmaas Lars (NOR)"]
[Black "Hansen Torbjorn Ringdal (NOR)"]
[Result "1-0"]
[WhiteElo "2318"]
[BlackElo "2440"]

1.d4 Nf6 2.c4 e6 3.Nc3 Bb4 4.e3 b6 5.Bd3 Bb7 6.Nf3 Ne4 7.O-O Bxc3 8.bxc3 O-O
9.Ba3 Re8 10.Nd2 Nxd2 11.Qxd2 c5 12.f4 d6 13.e4 Nd7 14.e5 Nf8 15.Rae1 f5
16.exf6 Qxf6 17.Re3 Rac8 18.f5 e5 19.d5 Nd7 20.Be4 Ba6 21.Qe2 Qf7 22.f6 Nxf6
23.Rh3 h6 24.Bc1 Rc7 25.Bxh6 Bc8 26.Bxg7 Qxg7 27.Rg3 Qxg3 28.hxg3 Nxe4 29.Qxe4
Rg7 30.Rf6 Rd8 31.Qh4 {#r} 1-0

[Event "It (open)"]
[Site "masterchessopen.com Dresden (Germany)"]
[Date "2009.07.26"]
[Round "2"]
[White "Knoblach N"]
[Black "Genov Petar (BUL)"]
[Result "0-1"]
[WhiteElo "1885"]
[BlackElo "2478"]

1.d4 Nf6 2.c4 e6 3.Nc3 Bb4 4.e3 b6 5.Bd3 Bb7 6.Nf3 Bxc3+ 7.bxc3 d6 8.O-O Nbd7
9.Ba3 c5 10.Re1 Ne4 11.Qc2 f5 12.Nd2 Nxd2 13.Qxd2 Qg5 14.f3 Bxf3 15.Qf2 Be4
16.Bxe4 fxe4 17.dxc5 dxc5 18.Rad1 Nf6 19.Qf4 Qxf4 20.exf4 Ke7 21.h3 Rad8 22.g4
Rxd1 23.Rxd1 Rd8 24.Rxd8 Kxd8 25.Kf2 Ne8 26.Ke3 Nd6 27.Bc1 g6 {#R} 0-1

[Event "Ch Spain (team) (2 div) (gr.1)"]
[Site "masterchessopen.com Padron (Spain)"]
[Date "2009.08.06"]
[Round "3"]
[White "Estremera Panos Sergio (ESP)"]
[Black "Alvarez Pedraza Aramis (CUB)"]
[Result "0-1"]
[WhiteElo "2394"]
[BlackElo "2460"]

1.d4 Nf6 2.c4 e6 3.Nc3 Bb4 4.e3 b6 5.Bd3 Bb7 6.Nf3 O-O 7.O-O c5 8.Bd2 cxd4
9.exd4 d5 10.cxd5 Nxd5 11.Rc1 Nd7 12.Qe2 Nxc3 13.bxc3 Bd6 14.c4 Bxf3 15.Qxf3
Qh4 16.g3 Qxd4 17.Bc3 Qc5 18.Rfe1 Rad8 19.Rcd1 Be5 20.Bxh7+ Kxh7 21.Rxd7 Rxd7
22.Rxe5 Qd6 23.Rh5+ Kg8 {#R} 0-1

[Event "Ch European Union (juniors) (under 14)"]
[Site "masterchessopen.com Mureck (Austria)"]
[Date "2009.08.09"]
[Round "5"]
[White "Schreiner Till (GER)"]
[Black "Quinn Joseph (ENG)"]
[Result "1-0"]
[WhiteElo "2064"]
[BlackElo "1852"]

1.d4 Nf6 2.c4 e6 3.Nc3 Bb4 4.e3 b6 5.Bd3 Bb7 6.Nf3 Ne4 7.O-O f5 8.Qc2 Bxc3
9.bxc3 O-O 10.Nd2 Qh4 11.f3 Ng5 12.f4 Qg4 13.d5 Nf7 14.e4 exd5 15.cxd5 Nd6
16.c4 fxe4 17.Nxe4 Nxe4 18.Bxe4 h6 19.Bb2 Na6 20.Rf3 Rf7 21.Qc3 Re8 22.h3 Qh5
23.Re1 Rfe7 24.Rg3 Qf7 25.Rf1 Nc5 26.Bg6 Qf8 27.Bxe8 Ne4 28.Rxg7+ {#r} 1-0

[Event "Ch European Union (juniors) (under 14)"]
[Site "masterchessopen.com Mureck (Austria)"]
[Date "2009.08.13"]
[Round "9"]
[White "Schreiner Till (GER)"]
[Black "Silva Luis Neves Da (POR)"]
[Result "1-0"]
[WhiteElo "2064"]
[BlackElo "1647"]

1.d4 Nf6 2.c4 e6 3.Nc3 Bb4 4.e3 b6 5.Bd3 Bb7 6.Nf3 Ne4 7.O-O Bxc3 8.bxc3 O-O
9.Qc2 f5 10.Nd2 Qh4 11.f3 Nxd2 12.Bxd2 Nc6 13.Be1 Qh6 14.Bf2 d6 15.Rfe1 Rfe8
16.e4 fxe4 17.Bxe4 Na5 18.Bxb7 Nxb7 19.c5 dxc5 20.dxc5 Nxc5 21.Bxc5 bxc5
22.Rad1 Rad8 23.Rxd8 Rxd8 24.Qb3 Kf7 25.f4 Rd5 26.c4 Rf5 27.g3 e5 28.Qd3 Qe6
29.Qe4 Kf6 30.fxe5+ Rxe5 31.Qf4+ {#r} 1-0

[Event "It (open)"]
[Site "masterchessopen.com Dhaka (Bangladesh)"]
[Date "2009.08.22"]
[Round "2"]
[White "Lahiri Atanu (IND)"]
[Black "Abdulla Al-Rakib (BAN)"]
[Result "1-0"]
[WhiteElo "2361"]
[BlackElo "2532"]

1.d4 Nf6 2.c4 e6 3.Nc3 Bb4 4.e3 b6 5.Bd3 Bb7 6.Nf3 Ne4 7.Qc2 f5 8.O-O Bxc3
9.bxc3 O-O 10.Nd2 Nf6 11.Ba3 Rf7 12.c5 Nc6 13.c4 Ng4 14.h3 Nh6 15.Qc3 Qf6
16.f4 g5 17.Nf3 g4 18.Ng5 gxh3 19.gxh3 Rg7 20.Bb2 d5 21.cxd6 cxd6 22.Kh2 Rg6
23.Rg1 Re8 24.Rg3 Rc8 25.Rag1 {#r} 1-0

[Event "It (open)"]
[Site "masterchessopen.com Ricany (Czech Republic)"]
[Date "2009.08.29"]
[Round "9"]
[White "Skacel Jan (CZE)"]
[Black "Macek Kamil (CZE)"]
[Result "1-0"]
[WhiteElo "2070"]
[BlackElo "1940"]

1.d4 Nf6 2.c4 e6 3.Nc3 Bb4 4.e3 b6 5.Bd3 Bb7 6.f3 O-O 7.Ne2 c5 8.O-O cxd4
9.exd4 d5 10.Kh1 Nc6 11.Bf4 Re8 12.Rc1 dxc4 13.Bxc4 Nxd4 14.Nxd4 e5 15.Qb3
{#r} 1-0

[Event "Ch Europe (juniors) (under 18)"]
[Site "masterchessopen.com Fermo (Italy)"]
[Date "2009.09.07"]
[Round "7"]
[White "Janse Rasmus (SWE)"]
[Black "Anton Teodor (ROM)"]
[Result "0-1"]
[WhiteElo "2127"]
[BlackElo "2379"]

1.d4 Nf6 2.c4 e6 3.Nc3 Bb4 4.e3 b6 5.Bd3 Bb7 6.Nf3 Ne4 7.Qc2 f5 8.O-O Bxc3
9.bxc3 d6 10.Nd2 Nxd2 11.Bxd2 O-O 12.e4 f4 13.e5 dxe5 14.Bxh7+ Kh8 15.Be4 Bxe4
16.Qxe4 Nd7 17.c5 Rf5 18.Rad1 Qe8 19.Rfe1 Nf6 20.Qb7 e4 21.Qxc7 Rc8 22.Qxa7
bxc5 23.dxc5 Qg6 24.Qb7 Rf8 25.Qa6 e3 26.Bxe3 fxe3 27.Rxe3 Rxf2 28.Rg3 Qf5
29.Qc4 Ne4 30.Rh3+ Kg8 31.Qd3 Qg4 32.Re1 Qxg2# 0-1

[Event "Ch England (team) 2009/10 (3 div)"]
[Site "masterchessopen.com England"]
[Date "2009.10.25"]
[Round "2"]
[White "Scott David"]
[Black "Meade Philip J (ENG)"]
[Result "1-0"]
[WhiteElo "2058"]
[BlackElo "1960"]

1.d4 Nf6 2.c4 e6 3.Nc3 Bb4 4.e3 b6 5.Bd3 Bb7 6.f3 c5 7.a3 cxd4 8.axb4 dxc3
9.bxc3 d5 10.Ne2 O-O 11.O-O Qc7 12.cxd5 exd5 13.Qe1 Nbd7 14.Qh4 Ne5 15.Bb1 a5
16.b5 Qc4 17.Nd4 Qxc3 18.Ra3 Qb4 19.Rb3 Qc4 20.Qg5 Rfe8 21.Bb2 a4 22.Nf5 Ng6
23.Nh6+ gxh6 24.Qxf6 Kf8 25.Qg7+ Ke7 26.Rc3 {#r} 1-0

[Event "It (cat.5)"]
[Site "masterchessopen.com Sitges (Spain)"]
[Date "2009.10.30"]
[Round "7"]
[White "Fernandez Aguado Enrique (ESP)"]
[Black "Cruz Filemon (PER)"]
[Result "0-1"]
[WhiteElo "2340"]
[BlackElo "2415"]

1.d4 Nf6 2.c4 e6 3.Nc3 Bb4 4.e3 b6 5.Bd3 Bb7 6.Ne2 Bxg2 7.Rg1 Bf3 8.Qa4 Nc6
9.Bd2 O-O 10.O-O-O a6 11.a3 b5 12.cxb5 axb5 13.Qxb5 Ra5 14.Qc4 Be7 15.Rg3 Bh5
16.f4 Qa8 17.Rdg1 g6 18.f5 d5 19.Qb3 Rb8 20.Qc2 exf5 21.Bxf5 Rxb2 22.Kxb2
Bxa3+ 23.Ka1 Nb4 {#R} 0-1

[Event "It \"]
[Site "masterchessopen.com Novi Sad (Serbia)"]
[Date "2009.11.18"]
[Round "8"]
[White "Jovic Stevan (SRB)"]
[Black "Kovacevic Aleksandar (SRB)"]
[Result "0-1"]
[WhiteElo "2277"]
[BlackElo "2575"]

1.d4 Nf6 2.c4 e6 3.Nc3 Bb4 4.e3 b6 5.Bd3 Bb7 6.f3 c5 7.Ne2 cxd4 8.exd4 O-O
9.a3 Bxc3+ 10.Nxc3 d5 11.cxd5 Nxd5 12.Ne4 Nc6 13.Bb5 Nde7 14.Bxc6 Bxc6 15.Be3
Nf5 16.Bf2 Qd7 17.Qd3 Bb5 18.Qd2 Rad8 19.Nc3 Bc4 20.Ne2 Bxe2 21.Qxe2 Nxd4
22.Qd3 Qa4 23.Bxd4 Rxd4 24.Qc3 Rc4 25.Qe5 Rc5 26.Qe3 Qb5 27.Qd2 Rfc8 28.Rd1 h6
29.a4 Qxa4 30.O-O Rc2 31.Qd3 {#R} 0-1

[Event "Czech League 2009/10 (1st) East"]
[Site "masterchessopen.com Czech Republic"]
[Date "2009.12.13"]
[Round "5"]
[White "Zilka Stepan (CZE)"]
[Black "Malinovsky Karel (CZE)"]
[Result "1-0"]
[WhiteElo "2466"]
[BlackElo "2367"]

1.d4 Nf6 2.c4 e6 3.Nc3 Bb4 4.e3 b6 5.Bd3 Bb7 6.Nf3 Ne4 7.O-O Bxc3 8.bxc3 O-O
9.Ne1 f5 10.f3 Ng5 11.a4 a5 12.Ba3 Rf6 13.c5 bxc5 14.Rb1 Ba6 15.Bxc5 d6 16.Ba3
Nd7 17.Bxa6 Rxa6 18.c4 Nb6 19.Qb3 Ra8 20.Nd3 Qd7 21.c5 Nd5 22.Qb7 Re8 23.cxd6
Qxa4 24.dxc7 Nxc7 25.Rb3 Rf7 26.Ne5 Rf6 27.Rc1 Nd5 28.Rc8 h6 29.h4 Nf7 30.Nd7
Rxc8 31.Qxc8+ Kh7 32.Nf8+ {#r} 1-0

[Event "Cup Rilton (open)"]
[Site "masterchessopen.com Stockholm (Sweden)"]
[Date "2009.12.28"]
[Round "2"]
[White "Nordlander Sven (SWE)"]
[Black "Rosenkilde Alexander (DEN)"]
[Result "0-1"]
[WhiteElo "1788"]
[BlackElo "2173"]

1.d4 Nf6 2.c4 e6 3.Nc3 Bb4 4.e3 b6 5.Bd3 Bb7 6.f3 c5 7.Ne2 cxd4 8.exd4 O-O
9.a3 Be7 10.O-O d5 11.b3 Nc6 12.Be3 Rc8 13.cxd5 Nxd5 14.Nxd5 Qxd5 15.b4 Rfd8
16.Be4 Qd7 17.Qb3 Bf6 18.Rfd1 Ba6 19.Bxc6 Qxc6 20.Rac1 Qd7 21.Rxc8 Rxc8 22.Kf2
Bc4 23.Qb2 Qa4 24.Rc1 Qd7 25.Rc2 b5 26.Qc3 Rd8 27.Rd2 g6 28.Ng3 Bh4 29.Kg1 f5
30.Ne2 {#R} 0-1

[Event "Ch England (team) 2009/10 (3 div)"]
[Site "masterchessopen.com England"]
[Date "2010.01.16"]
[Round "3"]
[White "Brown Thomas (WLS)"]
[Black "Meade Philip J (ENG)"]
[Result "1-0"]
[WhiteElo "2070"]
[BlackElo "1958"]

1.d4 Nf6 2.c4 e6 3.Nc3 Bb4 4.e3 b6 5.Bd3 Bb7 6.Nf3 Ne4 7.Qc2 f5 8.O-O Bxc3
9.bxc3 d6 10.Ne1 Nd7 11.f3 Nef6 12.e4 fxe4 13.fxe4 e5 14.Nf3 O-O 15.Bg5 Qe8
16.Rae1 Qh5 17.Bc1 a5 18.Ng5 Rae8 19.c5 dxc5 20.Be2 Qg6 21.Bc4+ Kh8 22.Qb3 Re7
23.d5 h6 24.Ne6 Rc8 25.Rf3 Ne8 26.Nf8 Qh5 27.Be2 Qxf3 28.Ng6+ Kh7 29.Bxf3 Kxg6
30.Bg4 Rd8 31.Bf5+ Kh5 32.Qd1+ {#r} 1-0

[Event "Ch Europe (seniors) (team)"]
[Site "masterchessopen.com Dresden (Germany)"]
[Date "2010.02.13"]
[Round "4"]
[White "Hampel Johannes (GER)"]
[Black "Oldach Ehrenfried (GER)"]
[Result "1-0"]
[WhiteElo "2136"]
[BlackElo "2079"]

1.d4 e6 2.c4 Nf6 3.Nc3 Bb4 4.e3 b6 5.Bd3 Bb7 6.f3 Bxc3+ 7.bxc3 d6 8.Ne2 Nbd7
9.e4 O-O 10.O-O h6 11.Ng3 Re8 12.f4 e5 13.fxe5 dxe5 14.d5 Bc8 15.Qf3 Nc5
16.Bc2 Bg4 17.Qf2 Kh7 18.h3 Bc8 19.Nf5 Ncxe4 20.Ng3 g6 {#r} 1-0

[Event "It (open)"]
[Site "masterchessopen.com Malaga (Spain)"]
[Date "2010.02.21"]
[Round "3"]
[White "Picazo Lopez Juan Antonio (ESP)"]
[Black "Colovic Aleksandar (MKD)"]
[Result "0-1"]
[WhiteElo "2232"]
[BlackElo "2455"]

1.d4 Nf6 2.c4 e6 3.Nc3 Bb4 4.e3 b6 5.Bd3 Bb7 6.f3 c5 7.Ne2 cxd4 8.exd4 O-O
9.O-O d5 10.cxd5 Nxd5 11.Nxd5 Qxd5 12.Be4 Qd7 13.Be3 Nc6 14.Qa4 Bd6 15.Rac1
Rac8 16.Rfd1 f5 17.Bd3 a6 18.d5 exd5 19.Bxb6 Qe7 20.Ng3 Qg5 21.Bf2 f4 22.Ne4
dxe4 23.Bxe4 Na5 24.Bxb7 Rxc1 25.Rxc1 Nxb7 26.Qb3+ Rf7 27.Rc8+ Bf8 28.Rc7 Nd8
29.Rd7 Qf6 30.Bd4 Qe6 {#R} 0-1

[Event "It \"]
[Site "masterchessopen.com Mashhad (Iran)"]
[Date "2010.02.25"]
[Round "9"]
[White "Malaniuk Vladimir P (UKR)"]
[Black "Ghane Shojaat (IRI)"]
[Result "0-1"]
[WhiteElo "2527"]
[BlackElo "2402"]

1.d4 e6 2.c4 Nf6 3.Nc3 Bb4 4.e3 b6 5.Bd3 Bb7 6.Nf3 Ne4 7.O-O Bxc3 8.bxc3 Nxc3
9.Qc2 Bxf3 10.gxf3 Qg5+ 11.Kh1 Qh5 12.Rg1 Qxf3+ 13.Rg2 f5 14.Ba3 Ne4 15.Rf1
Nc6 16.Be2 Nxd4 {#R} 0-1

[Event "Cup Doeberl"]
[Site "masterchessopen.com Canberra (Australia)"]
[Date "2010.04.01"]
[Round "1"]
[White "Oliver Gareth (AUS)"]
[Black "Zhao Zong-Yuan (AUS)"]
[Result "0-1"]
[WhiteElo "2210"]
[BlackElo "2583"]

1.d4 Nf6 2.c4 e6 3.Nc3 Bb4 4.e3 b6 5.Bd3 Bb7 6.Nf3 Ne4 7.O-O Bxc3 8.bxc3 O-O
9.Ne1 f5 10.f3 Nf6 11.Qe2 d6 12.e4 fxe4 13.fxe4 e5 14.c5 bxc5 15.dxe5 dxe5
16.Rb1 Bc6 17.Nf3 Nbd7 18.Ba3 Qe7 19.Nh4 g6 20.Bc1 Nh5 21.Nf5 gxf5 22.Qxh5 f4
23.Qe2 Rf6 24.Bc4+ Kh8 25.Bd5 c4 26.Qxc4 Nb6 27.Qb4 Qg7 28.c4 Rg6 29.Kh1 Bxd5
30.cxd5 Rxg2 31.Qc3 Rg8 {#R} 0-1

[Event "Ch Italy (1/2 final)"]
[Site "masterchessopen.com Torino (Italy)"]
[Date "2010.06.24"]
[Round "6"]
[White "Manfredi Vincenzo (ITA)"]
[Black "Stella Andrea (ITA)"]
[Result "1-0"]
[WhiteElo "2214"]
[BlackElo "2334"]

1.d4 Nf6 2.c4 e6 3.Nc3 Bb4 4.e3 b6 5.Bd3 Bb7 6.f3 c5 7.a3 cxd4 8.axb4 dxc3
9.bxc3 O-O 10.Ne2 d6 11.e4 Nbd7 12.Bg5 Qc7 13.Nd4 a6 14.Qd2 d5 15.exd5 exd5
16.O-O dxc4 17.Bf4 Qc8 18.Nf5 Nd5 19.Be4 N7f6 20.Be5 Qe6 21.Qg5 {#r} 1-0

[Event "It (open)"]
[Site "masterchessopen.com Balaguer (Spain)"]
[Date "2010.07.21"]
[Round "3"]
[White "Ivanov Jordan (BUL)"]
[Black "Oms Pallise Josep (AND)"]
[Result "1-0"]
[WhiteElo "2437"]
[BlackElo "2517"]

1.d4 Nf6 2.c4 e6 3.Nc3 Bb4 4.e3 b6 5.Bd3 Bb7 6.Nf3 O-O 7.O-O c5 8.Qe2 Bxc3
9.bxc3 Be4 10.Rd1 Qe7 11.a4 Nc6 12.Ba3 d6 13.Nd2 Bxd3 14.Qxd3 e5 15.d5 Na5
16.e4 Nh5 17.g3 g6 18.Rdb1 f5 19.Bc1 Qf7 20.Ra2 fxe4 21.Nxe4 Qf5 {#r} 1-0

[Event "It (open)"]
[Site "masterchessopen.com Pardubice (Czech Republic)"]
[Date "2010.07.24"]
[Round "2"]
[White "Rakhmanov Aleksandr (RUS)"]
[Black "Kjartansson Gudmundur (ISL)"]
[Result "1-0"]
[WhiteElo "2605"]
[BlackElo "2373"]

1.d4 Nf6 2.c4 e6 3.Nc3 Bb4 4.e3 b6 5.Bd3 Bb7 6.Ne2 Bxg2 7.Rg1 Be4 8.a3 Bxc3+
9.Nxc3 Bxd3 10.Qxd3 Nh5 11.e4 h6 12.Be3 Nc6 13.O-O-O Qf6 14.Kb1 Rc8 15.f4 Ne7
16.Qe2 g6 17.Qg4 d6 18.d5 e5 19.fxe5 dxe5 20.Nb5 {#r} 1-0

[Event "It (open) \"]
[Site "masterchessopen.com Berlin (Germany)"]
[Date "2010.08.07"]
[Round "1"]
[White "Kapp Martin (GER)"]
[Black "Peters Henning (GER)"]
[Result "1-0"]
[WhiteElo "2209"]
[BlackElo "1799"]

1.d4 Nf6 2.c4 e6 3.Nc3 Bb4 4.e3 b6 5.Bd3 Bb7 6.Nf3 O-O 7.O-O Bxc3 8.bxc3 Ne4
9.Nd2 f5 10.f3 Nf6 11.e4 fxe4 12.fxe4 d6 13.a4 Nc6 14.Nf3 Ba6 15.e5 dxe5
16.Qe2 e4 17.Bxe4 Nxe4 18.Qxe4 Qe8 19.Ba3 Rf5 20.d5 {#r} 1-0

[Event "It (open)"]
[Site "masterchessopen.com Figueres (Spain)"]
[Date "2010.08.17"]
[Round "8"]
[White "Buch Prades Joan (ESP)"]
[Black "Diaz Munoz Sergi (ESP)"]
[Result "1-0"]
[WhiteElo "1917"]
[BlackElo "2029"]

1.d4 Nf6 2.c4 e6 3.Nc3 Bb4 4.e3 b6 5.Bd3 Bb7 6.Nf3 Ne4 7.Qc2 f5 8.a3 Bxc3+
9.bxc3 O-O 10.O-O d6 11.Nd2 Qh4 12.f4 Nf6 13.e4 Ng4 14.Nf3 Qh5 15.h3 Nh6
16.Ng5 Qe8 17.Bd2 Nf7 18.exf5 Nxg5 19.fxg5 Qc6 20.Be3 Qe8 21.fxe6 g6 22.d5 Na6
23.Rxf8+ Qxf8 24.Rb1 Qg7 25.Bd4 Qe7 26.Bxg6 {#r} 1-0

[Event "Ch France (w)"]
[Site "masterchessopen.com Belfort (France)"]
[Date "2010.08.19"]
[Round "9"]
[White "Guichard Pauline (FRA)"]
[Black "Roumegous Marina (FRA)"]
[Result "1-0"]
[WhiteElo "2293"]
[BlackElo "2174"]

1.d4 Nf6 2.c4 e6 3.Nc3 Bb4 4.e3 b6 5.Bd3 Bb7 6.Nf3 Ne4 7.O-O Bxc3 8.bxc3 f5
9.d5 O-O 10.Ba3 d6 11.Bxe4 fxe4 12.Nd4 Bc8 13.dxe6 c5 14.Qg4 cxd4 15.Qxe4 Qc7
16.e7 Re8 17.Qd5+ Kh8 18.Bxd6 Qd7 19.Qf7 Rg8 20.Be5 Bb7 21.Bxg7+ Rxg7 22.e8=Q+
Qxe8 23.Qxe8+ Rg8 24.Qe5+ Rg7 25.f3 Nc6 26.Qf6 dxe3 27.Rfe1 Re8 28.Rad1 Kg8
29.Rd5 Rf8 30.Qe6+ Kh8 31.Qxe3 Na5 32.Rg5 {#r} 1-0

[Event "Ch Serbia (team) (w)"]
[Site "masterchessopen.com Novi Sad (Serbia)"]
[Date "2010.08.30"]
[Round "8"]
[White "Foisor Mihaela-Veronica (ROM)"]
[Black "Rudolf Anna (HUN)"]
[Result "0-1"]
[WhiteElo "2210"]
[BlackElo "2366"]

1.d4 e6 2.c4 Nf6 3.Nc3 Bb4 4.e3 b6 5.Bd3 Bb7 6.f3 d5 7.Qa4+ Nc6 8.Bd2 O-O
9.Nge2 Bd6 10.a3 dxc4 11.Bxc4 e5 12.d5 Ne7 13.e4 a6 14.Qc2 b5 15.Ba2 c5
16.dxc6 Nxc6 17.Be3 Rc8 18.Rd1 Qe7 19.b4 a5 20.Qd3 Rfd8 21.Bb6 Rd7 22.Bd5 axb4
23.Nxb5 Bc5 24.Bxc5 Qxc5 25.Rc1 Qb6 26.a4 Rcd8 27.Rd1 Na5 28.Qb1 Bxd5 29.exd5
Nxd5 30.Qe4 Nf6 {#R} 0-1

[Event "It (open)"]
[Site "masterchessopen.com Itapetininga (Brazil)"]
[Date "2010.10.12"]
[Round "5"]
[White "Da Silva Edson Rodrigo"]
[Black "Branchini Fernando Luis S"]
[Result "1-0"]
[WhiteElo "1987"]
[BlackElo "1866"]

1.d4 Nf6 2.c4 e6 3.Nc3 Bb4 4.e3 b6 5.Bd3 Bb7 6.f3 O-O 7.Ne2 d5 8.a3 Bxc3+
9.bxc3 Nh5 10.O-O Ba6 11.cxd5 Bxd3 12.Qxd3 exd5 13.e4 Re8 14.e5 c5 15.g4 c4
16.Qc2 f6 17.f4 fxe5 18.fxe5 Nc6 19.gxh5 Qh4 20.Bf4 Rf8 21.Bg3 Qxh5 22.Nf4 Qg4
23.Qg2 Ne7 24.Nxd5 Ng6 25.Rae1 Rfd8 26.e6 {#r} 1-0

[Event "It (open)"]
[Site "masterchessopen.com Arco (Italy)"]
[Date "2010.10.16"]
[Round "1"]
[White "Caldara Sisto (ITA)"]
[Black "Bonade Massimo (ITA)"]
[Result "0-1"]
[WhiteElo "1813"]
[BlackElo "2091"]

1.d4 Nf6 2.c4 e6 3.Nc3 Bb4 4.e3 b6 5.Bd3 Bb7 6.f3 O-O 7.Ne2 d5 8.O-O c5 9.a3
cxd4 10.Nb5 Be7 11.Nbxd4 Nbd7 12.cxd5 Nxd5 13.e4 N5f6 14.b4 Ne5 15.Bb5 a6
16.Ba4 Rc8 17.Nc2 Nc4 18.Ne3 b5 19.Bb3 Qb6 20.Qd4 Qc7 21.Bd2 Rfd8 22.Qxc4 bxc4
23.Nxc4 Rd3 24.Bf4 Qd8 25.Ba2 Nh5 26.Ne5 Nxf4 27.Nxf4 Rd2 28.Bb3 Qd4+ {#R} 0-1

[Event "Ch World (juniors) (under 16)"]
[Site "masterchessopen.com Porto Carras (Greece)"]
[Date "2010.10.22"]
[Round "3"]
[White "Johansson Linus (SWE)"]
[Black "Pardo Simon David (ESP)"]
[Result "1-0"]
[WhiteElo "1966"]
[BlackElo "2336"]

1.d4 Nf6 2.c4 e6 3.Nc3 Bb4 4.e3 b6 5.Bd3 Bb7 6.Nf3 Ne4 7.O-O Bxc3 8.bxc3 O-O
9.Nd2 Nxd2 10.Bxd2 d6 11.e4 e5 12.Qg4 Nc6 13.Be3 Qe7 14.Rae1 f6 15.f4 Na5
16.f5 Ba6 17.Rf3 Qf7 18.Qh4 Kh8 19.Rh3 Qg8 20.Be2 Nxc4 21.Bc1 g5 22.fxg6 Qxg6
23.Rf1 exd4 24.cxd4 b5 25.Rg3 Qf7 26.Bh6 Rg8 27.Rxf6 Qe7 28.Bg5 Rxg5 29.Qxg5
Nd2 30.Re6 Qxg5 31.Rxg5 Bb7 32.d5 {#r} 1-0

[Event "NRW Klasse 2 2010/11"]
[Site "masterchessopen.com Germany"]
[Date "2010.10.24"]
[Round "2"]
[White "Wellen Hendrik (GER)"]
[Black "Becker Joerg (GER)"]
[Result "0-1"]
[WhiteElo "2141"]
[BlackElo "2126"]

1.d4 Nf6 2.c4 e6 3.Nc3 Bb4 4.e3 b6 5.Bd3 Bb7 6.f3 O-O 7.Ne2 d5 8.cxd5 exd5
9.O-O a6 10.Qc2 Re8 11.Kh1 Qe7 12.Ng3 Nc6 13.a3 Bxc3 14.bxc3 Na5 15.Re1 c5
16.Qb1 Qc7 17.e4 dxe4 18.fxe4 Ng4 19.Ra2 c4 20.Bc2 f5 21.e5 Nf2+ 22.Kg1 Qc6
23.Ne4 Nxe4 24.Bxe4 fxe4 25.Rae2 Qg6 {#R} 0-1

[Event "It (open)"]
[Site "masterchessopen.com Navalmoral (Spain)"]
[Date "2010.12.06"]
[Round "5"]
[White "Del Rio Angelis Salvador G (ESP)"]
[Black "Gindi Shachar (ISR)"]
[Result "1-0"]
[WhiteElo "2515"]
[BlackElo "2195"]

1.d4 Nf6 2.c4 e6 3.Nc3 Bb4 4.e3 b6 5.Bd3 Bb7 6.Nf3 c5 7.Bd2 O-O 8.O-O cxd4
9.exd4 d5 10.cxd5 Nxd5 11.Qe2 Nd7 12.Rad1 Bd6 13.Bb1 Qb8 14.Qe4 N7f6 15.Qh4
Nf4 16.Bxf4 Bxf4 17.d5 h6 18.dxe6 Bxf3 19.exf7+ Rxf7 20.gxf3 Bg5 21.Qc4 Qc7
22.Qb3 Kh8 23.Nb5 Qe7 24.Nd6 Rff8 25.Bg6 Bf4 26.Nf7+ Rxf7 27.Qxf7 Qc5 28.Kh1
Qg5 29.Rg1 Qh4 {#r} 1-0

[Event "It (open)"]
[Site "masterchessopen.com London (England)"]
[Date "2010.12.13"]
[Round "6"]
[White "Grochowalski Pawel (POL)"]
[Black "Lasinskas Povilas (LTU)"]
[Result "1-0"]
[WhiteElo "2078"]
[BlackElo "2195"]

1.d4 Nf6 2.c4 e6 3.Nc3 Bb4 4.e3 b6 5.Bd3 Bb7 6.f3 Bxc3+ 7.bxc3 O-O 8.Ne2 d6
9.O-O c5 10.e4 Nc6 11.Bg5 h6 12.Bh4 g5 13.Bf2 cxd4 14.cxd4 e5 15.c5 dxc5
16.dxc5 Nb4 17.Bc4 Qxd1 18.Rfxd1 Rac8 19.Rd6 Kg7 20.Ng3 Rc7 21.Nf5+ Kg6 22.h4
Rc6 23.Ne7+ Kg7 24.Nxc6 Nxc6 25.hxg5 hxg5 26.cxb6 axb6 27.Bxb6 Ne7 28.Bd8 Neg8
29.Rb1 Ne8 {#r} 1-0

[Event "Bundesliga 2010/11"]
[Site "masterchessopen.com Germany"]
[Date "2011.02.06"]
[Round "9"]
[White "Lauber Arnd (GER)"]
[Black "Landa Konstantin (RUS)"]
[Result "0-1"]
[WhiteElo "2464"]
[BlackElo "2639"]

1.d4 Nf6 2.c4 e6 3.Nc3 Bb4 4.e3 b6 5.Bd3 Bb7 6.Nf3 Ne4 7.O-O Nxc3 8.bxc3 Bxc3
9.Rb1 d6 10.Rb3 Ba5 11.e4 Nd7 12.e5 dxe5 13.Nxe5 Nxe5 14.dxe5 Qh4 15.Bc2 Qxc4
16.Rg3 Rd8 17.Bd3 Qd4 18.Qh5 g6 19.Qg5 Bc3 20.Ba3 Rd7 21.Re3 a6 22.Qh6 c5
23.Bc1 Kd8 24.Qg7 Re8 25.Qxh7 Kc8 26.Qh6 Red8 27.h3 Qa4 28.Bb1 Rd1 29.Rxd1
Qxd1+ {#R} 0-1

[Event "Ch Italy (team) (A1)"]
[Site "masterchessopen.com Sant'Anastasia (Italy)"]
[Date "2011.03.25"]
[Round "1"]
[White "Liguori Renato (ITA)"]
[Black "Stromboli Ettore (ITA)"]
[Result "0-1"]
[WhiteElo "2112"]
[BlackElo "2292"]

1.d4 Nf6 2.c4 e6 3.Nc3 Bb4 4.e3 b6 5.Bd3 Bb7 6.f3 c5 7.Ne2 O-O 8.Qb3 Nc6 9.O-O
Rc8 10.Kh1 Na5 11.Qa4 Qe7 12.Rd1 cxd4 13.exd4 h6 14.a3 Bd6 15.c5 Bb8 16.Bf4 d6
17.b4 Nc6 18.b5 Nxd4 19.cxd6 Bxd6 20.Qxd4 e5 21.Qxd6 Qxd6 22.Bh7+ Kxh7 23.Rxd6
exf4 24.Rd4 Rfe8 25.Rxf4 Re3 {#R} 0-1

[Event "Cup Serbia (team)"]
[Site "masterchessopen.com Valjevo (Serbia)"]
[Date "2011.05.20"]
[Round "5"]
[White "Jovic Stevan (SRB)"]
[Black "Savic Miodrag R (SRB)"]
[Result "0-1"]
[WhiteElo "2292"]
[BlackElo "2522"]

1.d4 Nf6 2.c4 e6 3.Nc3 Bb4 4.e3 b6 5.Bd3 Bb7 6.Nf3 O-O 7.Qc2 c5 8.a3 Bxc3+
9.bxc3 d6 10.e4 h6 11.d5 exd5 12.cxd5 c4 13.Bxc4 Nxe4 14.O-O Nf6 15.Ba2 Nbd7
16.c4 Rc8 17.Qf5 Ba6 18.Bf4 Bxc4 19.Bxc4 Rxc4 20.Bxd6 Re8 21.Qd3 b5 22.Bb4 Nc5
23.Qb1 Qxd5 24.Nd2 Rg4 25.f3 Re2 26.Rf2 Qd4 27.Bxc5 Qxc5 28.Qf1 Rxd2 29.fxg4
Nxg4 {#R} 0-1